| 000 | 01079nam a2200277 i 4500 | ||
|---|---|---|---|
| 001 | bg | ||
| 245 | 0 | 0 |
_aWstęp do informatyki gospodarczej : _bpraca zbiorowa / _cpod red. Anny Rokickiej-Broniatowskiej ; [zespół. aut. Beata Czarnacka-Chrobot et al.]. |
| 250 | _aWyd. 2 zm. | ||
| 260 |
_aWarszawa : _bSzkoła Główna Handlowa. Oficyna Wydawnicza, _c2002. |
||
| 300 |
_a609 s. : _bil. ; _c24 cm. |
||
| 504 | _aBibliogr. przy rozdz. Indeks. | ||
| 650 | 9 | _aInformacja dla zarządzania | |
| 650 | 9 |
_aSystemy informacyjne _xstosowanie _xgospodarka |
|
| 650 | 9 |
_aSystemy informatyczne _xstosowanie _xgospodarka |
|
| 655 | _aPodręczniki akademickie | ||
| 700 | 1 |
_aROKICKA-BRONIATOWSKA, Anna. _eRed. |
|
| 700 | 1 | _aCZARNACKA-CHROBOT, Beata | |
| 020 | _a8372251819 | ||
| 040 | _cBPK | ||
| 041 | 0 | _apol | |
| 080 | _a65.012.4:002.5:004](075.8) | ||
| 920 | _a83-7225-181-9 | ||
| 942 | _cKS | ||
| 008 | s pl f |000 0 pol | ||
| 999 |
_c43665 _d43665 |
||
| 856 |
_uhttp://koha.tu.koszalin.pl/cgi-bin/koha/opac-detail.pl?biblionumber=43665 _yKatalog online BPK |
||